Mobility & Energy Aware AODV (MEAODV) Routing Protocol for Mobile Ad-hoc Networks / (Record no. 527463)

000 -LEADER
fixed length control field 00605nam a22001697a 4500
020 ## - INTERNATIONAL STANDARD BOOK NUMBER
Qualifying information HBK.
082 ## - DEWEY DECIMAL CLASSIFICATION NUMBER
Classification number 621.382
100 ## - MAIN ENTRY--PERSONAL NAME
Personal name Rashid, Umair
245 ## - TITLE STATEMENT
Title Mobility & Energy Aware AODV (MEAODV) Routing Protocol for Mobile Ad-hoc Networks /
Statement of responsibility, etc. Umair Rashid.
260 ## - PUBLICATION, DISTRIBUTION, ETC.
Place of publication, distribution, etc. Islamabad:
Name of publisher, distributor, etc. SEECS - NUST,
Date of publication, distribution, etc. 2013.
300 ## - PHYSICAL DESCRIPTION
Extent 38 p. : ill. ;
Dimensions 30cm.
650 ## - SUBJECT ADDED ENTRY--TOPICAL TERM
Topical term or geographic name entry element Communication Systems Engineering - MS Thesis.
700 ## - ADDED ENTRY--PERSONAL NAME
Personal name Dr. Adnan Khalid Kiani.
856 ## - Uniform Resource Identifier
Uniform Resource Identifier <a href="http://10.250.8.41:8080/xmlui/handle/123456789/31889">http://10.250.8.41:8080/xmlui/handle/123456789/31889</a>
942 ## - ADDED ENTRY ELEMENTS (KOHA)
Source of classification or shelving scheme
Koha item type Thesis
650 ## - SUBJECT ADDED ENTRY--TOPICAL TERM
-- 18742
700 ## - ADDED ENTRY--PERSONAL NAME
-- 18743
Holdings
Withdrawn status Lost status Source of classification or shelving scheme Damaged status Not for loan Permanent Location Current Location Shelving location Date acquired Total Checkouts Full call number Barcode Date last seen Price effective from Koha item type
          Central Library (CL) Central Library (CL) Thesis 07/28/2019   621.382 CL-T-2576 08/08/2019 07/28/2019 Thesis
© 2023 Central Library, National University of Sciences and Technology. All Rights Reserved.